[Event "Hatay op 10th"]
[Site "Hatay"]
[Date "2018.09.04"]
[Round "3"]
[White "Gulbas, Isa"]
[Black "Reyhan, Deniz Ali"]
[Result "1/2-1/2"]
[WhiteElo "1366"]
[BlackElo "1305"]
[PlyCount "119"]
[EventDate "2018.09.02"]
[EventType "swiss"]
[EventRounds "9"]
[EventCountry "TUR"]
[SourceTitle "CBM 186 Extra"]
[Source "ChessBase"]
[SourceDate "2018.08.24"]
[SourceVersion "1"]
[SourceVersionDate "2018.08.24"]
[SourceQuality "1"]

1. d4 Nf6 2. Nf3 g6 3. Bf4 Bg7 4. e3 d6 5. h3 0-0 6. Be2 c5 7. c3 cxd4 8. exd4 Qb6 9. Qc2 Bf5 10. Qb3 Qxb3 11. axb3 Nbd7 12. 0-0 Rfe8 13. g4 Be4 14. Nbd2 Bc6 15. Rfe1 Nb6 16. c4 d5 17. Ne5 Rec8 18. c5 Nbd7 19. Nxc6 Rxc6 20. Bb5 Re6 21. Rxe6 fxe6 22. Nf3 Nf8 23. Ne5 a6 24. Bd3 N8d7 25. c6 bxc6 26. Nxc6 Kf7 27. Rxa6 Rxa6 28. Bxa6 Ne4 29. f3 Nd6 30. Nd8+ Kf6 31. g5+ Kf5 32. Be3 e5 33. Bd3+ e4 34. fxe4+ Nxe4 35. Nc6 e5 36. dxe5 Bxe5 37. Nd4+ Bxd4 38. Bxd4 Kxg5 39. Bxe4 dxe4 40. Kf2 Kf4 41. b4 Kf5 42. b5 Ke6 43. b6 Kd5 44. Ke3 g5 45. b4 h5 46. b5 g4 47. hxg4 hxg4 48. b7 g3 49. Ba7 g2 50. Kf2 Kd6 51. Bb6 Kd5 52. Ba7 Kd6 53. Bb6 Kd5 54. Ba7 Kd6 55. b8Q+ Nxb8 56. Bxb8+ Kc5 57. Kxg2 Kxb5 58. Kf2 e3+ 59. Ke2 Ka6 60. Kxe3 1/2-1/2